00401nam a22001457a 450000500170000000800410001702200130005804100120007108200130008310000120009624500470010826000430015530000320019865000250023020240904123808.0240904b |||||||| |||| 00| 0 eng d a10233806 aEnglish a349 BUT  lEnglish aButterworths Law Reports: Labour Law 2024  aDurban: bLexisNexis (Pty) Ltd, c2024 bxxiii, 663 pages; c25 cm.  aLegal practice bLaw